[Event "4NCL Division 4 South"]
[Site "Daventry, ENG"]
[Date "2019.05.04"]
[Round "9.83"]
[White "Goodwin, Ed H"]
[Black "Hibbitt, Arthur M"]
[Result "1/2-1/2"]
[WhiteElo "1877"]
[BlackElo "1771"]
[PlyCount "58"]
[EventDate "2019.05.04"]
[WhiteTeam "Throw in the Tal"]
[BlackTeam "Banbury Bulldogs"]

1. d4 g6 2. e4 Bg7 3. c4 c5 4. Nf3 cxd4 5. Nxd4 Nc6 6. Be3 Nf6 7. Nc3 Ng4 8.
Qxg4 Nxd4 9. Qd1 Nc6 10. Qd2 O-O 11. Be2 d6 12. O-O Be6 13. Rad1 a6 14. Nd5
Bxd5 15. cxd5 Ne5 16. Rc1 Qd7 17. h3 Qa4 18. f3 Rfc8 19. b3 Qa3 $11 20. Rxc8+
Rxc8 21. f4 Nd7 22. Bg4 Rc7 23. Bxd7 Rxd7 24. Rc1 Bb2 25. Rc8+ Kg7 26. Bd4+
Bxd4+ 27. Qxd4+ f6 28. Qd2 a5 29. Ra8 Qc5+ 1/2-1/2

[Event "4NCL Division 4 South"]
[Site "Daventry, ENG"]
[Date "2019.05.04"]
[Round "9.84"]
[White "Friend, Paul T"]
[Black "Price, Andrew"]
[Result "1/2-1/2"]
[WhiteElo "1802"]
[BlackElo "1772"]
[PlyCount "64"]
[EventDate "2019.05.04"]
[WhiteTeam "Banbury Bulldogs"]
[BlackTeam "Throw in the Tal"]

1. Nc3 Nf6 2. Nf3 d5 3. d3 e6 4. Bg5 Be7 5. e4 d4 6. Ne2 c5 7. c3 dxc3 8. bxc3
Nc6 9. g3 O-O 10. Qc2 Nd7 11. Be3 Nde5 12. Nxe5 Nxe5 13. Ng1 Bd7 14. Be2 Rc8
15. f4 Ng6 16. Nf3 Qa5 17. O-O Rfd8 18. a4 Bc6 19. Nd2 Qc7 20. Rfb1 b6 21. Nc4
Bf6 22. e5 Nxe5 23. fxe5 Bxe5 24. Kf2 Bf6 25. Rf1 Qd7 26. Nb2 Qd5 27. Ke1 Qe5
28. Nd1 Qd5 29. Nf2 Qe5 30. Nd1 Qd5 31. Nf2 Qe5 32. Nd1 Qd5 1/2-1/2

[Event "4NCL Division 4 South"]
[Site "Daventry, ENG"]
[Date "2019.05.04"]
[Round "9.85"]
[White "Woolgar, Steven G"]
[Black "Joian, Danut"]
[Result "0-1"]
[WhiteElo "1652"]
[BlackElo "1787"]
[PlyCount "102"]
[EventDate "2019.05.04"]
[WhiteTeam "Throw in the Tal"]
[BlackTeam "Banbury Bulldogs"]

1. c4 g6 2. Nc3 Bg7 3. g3 c5 4. Bg2 Nc6 5. Nf3 d6 6. d3 h6 7. Bd2 e6 8. e4 Nge7
9. a3 O-O 10. O-O a6 11. Qc1 Kh7 12. Rb1 a5 13. Nb5 Rb8 14. Be3 e5 15. Qd2 Be6
16. Nc3 f5 17. Ne2 fxe4 18. dxe4 Bxc4 19. Rbc1 Be6 20. Kh1 Bg4 21. Nfg1 Nd4 22.
Bxd4 exd4 23. f3 Bd7 24. Rf2 Bc6 25. Nf4 Qd7 26. Bh3 Qe8 27. Ne6 Rf6 28. Nxg7
Kxg7 29. e5 dxe5 30. Rxc5 Nd5 31. Rxa5 Ne3 32. Rc5 Rd8 33. Qa5 Nd5 34. Bg2 b6
35. Qa7+ Rf7 36. Qxf7+ Kxf7 37. Rc1 Ne3 38. Rd2 g5 39. h3 h5 40. Kh2 g4 41. h4
Rd6 42. b4 Rf6 43. Rf2 Qa8 44. b5 Bd5 45. Rc7+ Kf8 46. Rh7 Nxg2 47. Kxg2 gxf3+
48. Kh2 Qxa3 49. Rxh5 Qe3 50. Nh3 Be6 51. Rh8+ Kg7 0-1

[Event "4NCL Division 4 South"]
[Site "Daventry, ENG"]
[Date "2019.05.04"]
[Round "9.86"]
[White "Rumsby, Stephen"]
[Black "Sanchez, Margarita"]
[Result "1-0"]
[WhiteElo "1605"]
[BlackElo "1270"]
[PlyCount "83"]
[EventDate "2019.05.04"]
[WhiteTeam "Banbury Bulldogs"]
[BlackTeam "Throw in the Tal"]

1. e4 d5 2. exd5 Qxd5 3. Nc3 Qa5 4. d4 Nf6 5. Bd2 c6 6. Bc4 Bg4 7. Nf3 e6 8.
Qe2 Qc7 9. h3 Bf5 10. Bb3 Bd6 11. Nh4 Bg6 12. Nxg6 hxg6 13. d5 Nxd5 14. Nxd5
cxd5 15. Bxd5 Nd7 16. Bb3 O-O-O 17. O-O Kb8 18. c3 Rh7 19. f4 Rdh8 20. Rf3 e5
21. Raf1 Rh4 22. Bxf7 exf4 23. Bb3 Ne5 24. Rxf4 Rxf4 25. Bxf4 Rf8 26. Bxe5
Rxf1+ 27. Qxf1 Bxe5 28. Qf8+ Qc8 29. Qxc8+ Kxc8 30. Kf2 Kc7 31. Ke3 g5 32. g4
Bf4+ 33. Kd3 a5 34. Bd5 b5 35. b3 b4 36. c4 Kd6 37. Ke4 Kc5 38. Kf5 Kb6 39. Kg6
a4 40. bxa4 Ka5 41. Bc6 Kb6 42. Bb5 1-0

[Event "4NCL Division 4 South"]
[Site "Daventry, ENG"]
[Date "2019.05.04"]
[Round "9.91"]
[White "Fletcher, John"]
[Black "Vaidya, Raghav"]
[Result "1-0"]
[WhiteElo "1974"]
[BlackElo "1682"]
[PlyCount "95"]
[EventDate "2019.05.04"]
[WhiteTeam "The Full Ponty"]
[BlackTeam "Barnet Knights 2"]

1. d4 Nf6 2. Nc3 d5 3. Bg5 h6 4. Bxf6 exf6 5. e3 Be6 6. Nge2 g5 7. Ng3 Bd6 8.
Bd3 Nc6 9. Nh5 Be7 10. Ng7+ Kf8 11. Nxe6+ fxe6 12. h4 Kg7 13. Qh5 Qe8 14. Qf3
Nb4 15. O-O-O Nxd3+ 16. Rxd3 Bb4 17. e4 Bxc3 18. Rxc3 c6 19. Re1 Qd7 20. exd5
exd5 21. Rce3 Rhe8 22. Qe2 Rxe3 23. Qxe3 Kf8 24. Qf3 Qf7 25. Qa3+ Kg8 26. Re7
Qg6 27. Qd6 gxh4 28. Rxb7 Qe4 29. Qe7 Qxe7 30. Rxe7 a5 31. Re6 Rf8 32. Rxc6 Kg7
33. Rc5 f5 34. Rxd5 Kg6 35. c4 f4 36. Re5 f3 37. gxf3 h3 38. Re1 Rxf3 39. Rh1
Rxf2 40. Rxh3 Rf4 41. Rd3 h5 42. c5 h4 43. Kd2 h3 44. Rxh3 Rxd4+ 45. Kc3 Rd5
46. Kc4 Rd2 47. c6 Rxb2 48. c7 1-0

[Event "4NCL Division 4 South"]
[Site "Daventry, ENG"]
[Date "2019.05.04"]
[Round "9.92"]
[White "Wolstenholme, Otis"]
[Black "Adams, Mark"]
[Result "0-1"]
[WhiteElo "1697"]
[BlackElo "1971"]
[PlyCount "76"]
[EventDate "2019.05.04"]
[WhiteTeam "Barnet Knights 2"]
[BlackTeam "The Full Ponty"]

1. c4 e5 2. g3 Nf6 3. Bg2 d5 4. cxd5 Nxd5 5. Nc3 Nb6 6. Nf3 Nc6 7. O-O Be7 8.
d3 O-O 9. a3 a5 10. b3 Be6 11. h3 f5 12. e3 Qd7 13. Kh2 Rad8 14. Ne1 Bf6 15.
Qc2 Nd5 16. Nxd5 Bxd5 17. Bxd5+ Qxd5 18. Qc4 Qxc4 19. dxc4 e4 20. Ra2 Rd1 21.
Rc2 Ne5 22. Kg2 Rfd8 23. Bb2 Rb1 24. f4 Nc6 25. Bxf6 gxf6 26. Rc3 Rdd1 27. Kf2
Rd2+ 28. Kg1 Rbb2 29. h4 Kg7 30. b4 axb4 31. axb4 Nxb4 32. c5 Nd3 33. c6 Re2
34. cxb7 Nxe1 35. Rf2 Rxf2 36. Rxc7+ Kg6 37. b8=Q Nf3+ 38. Kh1 Rh2# 0-1

[Event "4NCL Division 4 South"]
[Site "Daventry, ENG"]
[Date "2019.05.04"]
[Round "9.93"]
[White "Hughes, Anthony"]
[Black "Stoica, Savas Marin"]
[Result "1-0"]
[WhiteElo "1910"]
[BlackElo "1637"]
[PlyCount "77"]
[EventDate "2019.05.04"]
[WhiteTeam "The Full Ponty"]
[BlackTeam "Barnet Knights 2"]

1. e4 c5 2. Nf3 Nc6 3. Bb5 g6 4. O-O Bg7 5. Re1 e5 6. c3 Nge7 7. d3 a6 8. Ba4
h6 9. Be3 b5 10. Bb3 d6 11. d4 c4 12. Bc2 Bg4 13. d5 Nb8 14. h3 Bxf3 15. Qxf3
g5 16. Nd2 Ng6 17. b3 cxb3 18. axb3 Nd7 19. Nf1 Qc8 20. Bd2 Nf6 $11 21. Ne3 O-O
22. Nf5 Qd7 23. Ra5 Ne7 24. Nxe7+ Qxe7 25. Rea1 Qb7 26. Qf5 Rfc8 27. g3 b4 28.
c4 Nd7 29. Bxb4 Qxb4 30. Qxd7 Qc3 31. Rxa6 Qxa1+ 32. Rxa1 Rxa1+ 33. Kg2 Rca8
34. Qxd6 R8a2 35. Bd3 Rd1 36. Bf1 Raa1 37. Qb8+ Kh7 38. Be2 Rd2 39. Bg4 1-0

[Event "4NCL Division 4 South"]
[Site "Daventry, ENG"]
[Date "2019.05.04"]
[Round "9.94"]
[White "Carter, Rebecca"]
[Black "Perrett, David C"]
[Result "0-1"]
[WhiteElo "1610"]
[BlackElo "1927"]
[PlyCount "42"]
[EventDate "2019.05.04"]
[WhiteTeam "Barnet Knights 2"]
[BlackTeam "The Full Ponty"]

1. c4 f5 2. Nf3 Nf6 3. Nc3 e6 4. g3 c6 5. Bg2 d5 6. d4 Bd6 7. O-O O-O 8. Bf4
Ne4 9. Qc1 Nd7 10. Nxe4 Bxf4 11. gxf4 fxe4 12. Ne5 Qh4 13. e3 g5 14. Nxd7 Bxd7
15. fxg5 Rf5 16. f4 exf3 17. Bxf3 Raf8 18. Bg2 Rxf1+ 19. Bxf1 Rf5 20. Qe1 Rxg5+
21. Kh1 Qe4+ 0-1

[Event "4NCL Division 4 South"]
[Site "Daventry, ENG"]
[Date "2019.05.04"]
[Round "9.95"]
[White "Quinn, Peter"]
[Black "Sanfey, Gregor"]
[Result "1/2-1/2"]
[WhiteElo "1838"]
[BlackElo "1585"]
[PlyCount "60"]
[EventDate "2019.05.04"]
[WhiteTeam "The Full Ponty"]
[BlackTeam "Barnet Knights 2"]

1. e4 c6 2. d4 d5 3. Nc3 dxe4 4. Nxe4 Bf5 5. Ng3 Bg6 6. f4 e6 7. Nf3 Nd7 8. Be3
Ne7 9. Qd2 Qc7 10. Ne5 O-O-O 11. Nxg6 hxg6 12. O-O-O Nd5 13. Ne4 N7f6 14. Ng5
Ng4 15. Bg1 Nxf4 16. g3 Nd5 17. Qe2 Ngf6 18. Bf2 Nh7 19. Nf3 Be7 20. Ne5 Bd6
21. h4 Nf8 22. c4 Nb4 23. a3 Na6 24. Bh3 f6 25. c5 Nxc5 26. Nxg6 Nb3+ 27. Kc2
Nxg6 28. Qxe6+ Kb8 29. Qxb3 Rhe8 30. Rhe1 Ne7 1/2-1/2

[Event "4NCL Division 4 South"]
[Site "Daventry, ENG"]
[Date "2019.05.04"]
[Round "9.96"]
[White "Angelopoulos, Andreas"]
[Black "Dixon, Chris"]
[Result "1/2-1/2"]
[WhiteElo "1562"]
[BlackElo "1756"]
[PlyCount "47"]
[EventDate "2019.05.04"]
[WhiteTeam "Barnet Knights 2"]
[BlackTeam "The Full Ponty"]

1. d4 Nf6 2. c4 g6 3. Nc3 Bg7 4. e4 O-O 5. Nf3 d6 6. Be2 Nbd7 7. O-O e5 8. d5
Nc5 9. Qc2 a5 10. Bg5 h6 11. Bd2 Nh5 12. Qc1 Kh7 13. h3 Nf6 14. Qc2 Ng8 15. Be3
b6 16. Na4 Nxa4 17. Qxa4 f5 18. exf5 gxf5 19. Qc2 Kh8 20. Bd2 Qe7 21. Bc3 Bd7
22. a3 a4 23. Bb4 Rf7 24. Nh2 1/2-1/2

[Event "4NCL Division 4 South"]
[Site "Daventry, ENG"]
[Date "2019.05.04"]
[Round "9.101"]
[White "Serbanescu, Diana-Maria"]
[Black "Sheard, Martin"]
[Result "1-0"]
[WhiteElo "2004"]
[BlackElo "1900"]
[PlyCount "35"]
[EventDate "2019.05.04"]
[WhiteTeam "Wood Green Youth"]
[BlackTeam "Shropshire 3"]

1. e4 e5 2. Nf3 Nf6 3. Nc3 Nc6 4. d4 exd4 5. Nxd4 Bb4 6. Nxc6 bxc6 7. Bd3 d5 8.
e5 Ng4 9. O-O O-O 10. a3 Bc5 11. Bf4 f6 12. e6 Bxe6 13. h3 Ne5 14. Bxe5 fxe5
15. Qh5 e4 16. Bxe4 dxe4 17. Qxc5 Qh4 18. Qxc6 1-0

[Event "4NCL Division 4 South"]
[Site "Daventry, ENG"]
[Date "2019.05.04"]
[Round "9.102"]
[White "Hinchcliffe, Gary"]
[Black "Harrison, James"]
[Result "1/2-1/2"]
[WhiteElo "1877"]
[BlackElo "1802"]
[PlyCount "51"]
[EventDate "2019.05.04"]
[WhiteTeam "Shropshire 3"]
[BlackTeam "Wood Green Youth"]

1. d4 d5 2. Bg5 h6 3. Bf4 Nf6 4. Nf3 c5 5. c3 Nc6 6. e3 Qb6 7. Qb3 c4 8. Qc2
Bf5 9. Qc1 Nh5 10. Bg3 Nxg3 11. hxg3 e6 12. Nbd2 Bd6 13. Be2 Qc7 14. Bd1 b5 15.
a3 O-O 16. Bc2 Bxc2 17. Qxc2 Qe7 18. O-O a5 19. e4 b4 20. axb4 axb4 21. exd5
exd5 22. Rfe1 Qf6 23. Nf1 Qg6 24. Qxg6 fxg6 25. Ne3 Ne7 26. Reb1 1/2-1/2

[Event "4NCL Division 4 South"]
[Site "Daventry, ENG"]
[Date "2019.05.04"]
[Round "9.103"]
[White "Woodhouse, Stephen V"]
[Black "Taylor, Alex B"]
[Result "0-1"]
[WhiteElo "1866"]
[BlackElo "1870"]
[PlyCount "102"]
[EventDate "2019.05.04"]
[WhiteTeam "Wood Green Youth"]
[BlackTeam "Shropshire 3"]

1. e4 c5 2. c3 Nf6 3. e5 Nd5 4. d4 cxd4 5. Nf3 Nc6 6. cxd4 d6 7. Bc4 Nb6 8. Bb5
a6 9. Bxc6+ bxc6 10. O-O e6 11. Nc3 Be7 12. Bf4 O-O 13. Rc1 d5 14. b3 Bd7 15.
Qd2 Rc8 16. Bg5 f6 17. exf6 gxf6 18. Bh6 Rf7 19. Ne2 Bf8 20. Rfe1 c5 21. Bxf8
Qxf8 22. Qa5 Na8 23. Rxc5 Rxc5 24. Qxc5 Qxc5 25. dxc5 e5 26. Nc3 Nc7 27. Rd1
Bc6 28. b4 d4 29. Ne2 Nd5 30. a3 a5 31. Rb1 Rb7 32. Ng3 axb4 33. axb4 Rxb4 34.
Rxb4 Nxb4 35. Nd2 Na6 36. Nge4 Kf7 37. g4 Ke6 38. f3 Bxe4 39. Nxe4 Nb4 40. Kf2
Nd5 41. Ke2 Nf4+ 42. Kd2 h6 43. h4 f5 44. Ng3 fxg4 45. fxg4 Kd5 46. h5 Kxc5 47.
Nf5 e4 48. Nxh6 e3+ 49. Kd1 d3 50. Nf5 e2+ 51. Kd2 Ng2 0-1

[Event "4NCL Division 4 South"]
[Site "Daventry, ENG"]
[Date "2019.05.04"]
[Round "9.104"]
[White "Ross, Stuart"]
[Black "Truscott, Ian M"]
[Result "1/2-1/2"]
[WhiteElo "1727"]
[BlackElo "1682"]
[PlyCount "93"]
[EventDate "2019.05.04"]
[WhiteTeam "Shropshire 3"]
[BlackTeam "Wood Green Youth"]

1. e4 c6 2. d4 d5 3. Nc3 dxe4 4. Nxe4 Nd7 5. Ng5 h6 6. Ne6 Qa5+ 7. Bd2 Qb6 8.
Nxf8 Nxf8 9. Bc3 Nf6 10. Bd3 Bg4 11. f3 Bh5 12. Qd2 Bg6 13. O-O-O Bxd3 14. Qxd3
e6 15. Ne2 Ng6 16. Bd2 Rd8 17. Qa3 Ra8 18. c4 a5 19. Be3 Qa6 20. Qd3 O-O 21.
Nc3 Rfd8 22. b3 Rac8 23. Ne4 Nxe4 24. Qxe4 a4 25. Kb2 b5 26. d5 exd5 27. cxd5
cxd5 28. Rxd5 Re8 29. Qd3 a3+ 30. Kb1 Qc6 31. Rc1 Qf6 32. Qd4 Rxc1+ 33. Bxc1
Qa6 34. Rd8 Rxd8 35. Qxd8+ Kh7 36. Qd3 Kg8 $11 37. b4 Qb6 38. Qe3 Qd6 39. Bxa3
Qxh2 40. Qe8+ Kh7 41. Qxf7 Qg1+ 42. Kc2 Qf2+ 43. Kb3 Qe3+ 44. Kb2 Qd2+ 45. Kb3
Qd3+ 46. Kb2 Qd2+ 47. Kb1 1/2-1/2

[Event "4NCL Division 4 South"]
[Site "Daventry, ENG"]
[Date "2019.05.04"]
[Round "9.105"]
[White "Parry, Samuel"]
[Black "Morrison, Munroe L"]
[Result "1/2-1/2"]
[WhiteElo "1560"]
[BlackElo "1675"]
[PlyCount "36"]
[EventDate "2019.05.04"]
[WhiteTeam "Wood Green Youth"]
[BlackTeam "Shropshire 3"]

1. d4 Nf6 2. Bg5 d5 3. Bxf6 exf6 4. e3 Bd6 5. c4 c6 6. Nc3 dxc4 7. Bxc4 O-O 8.
Bd3 f5 9. Qf3 g6 10. h3 Qg5 11. Nge2 a6 12. h4 Qg4 13. Qxg4 fxg4 14. Ne4 Be7
15. N2g3 f5 16. Bc4+ Kg7 17. Ng5 Rf6 18. e4 Bb4+ 1/2-1/2

[Event "4NCL Division 4 South"]
[Site "Daventry, ENG"]
[Date "2019.05.04"]
[Round "9.106"]
[White "Paul, Christopher"]
[Black "Hirst, Joe"]
[Result "0-1"]
[WhiteElo "1622"]
[BlackElo "1638"]
[PlyCount "118"]
[EventDate "2019.05.04"]
[WhiteTeam "Shropshire 3"]
[BlackTeam "Wood Green Youth"]

1. d4 Nf6 2. Bf4 g6 3. Nd2 Bg7 4. e3 O-O 5. c3 d6 6. Qc2 Nbd7 7. Ngf3 Qe8 8.
O-O-O e5 9. dxe5 dxe5 10. Bg3 Nh5 11. e4 Nxg3 12. hxg3 b6 13. Bc4 Nc5 14. Bd5
c6 15. Bb3 a5 16. a3 Nxb3+ 17. Qxb3 b5 18. Qc2 a4 19. Kb1 Qe7 20. Qc1 Be6 21.
Rhe1 c5 22. c4 b4 23. Re3 h5 24. Qc2 Bh6 25. Rd3 Bxd2 26. Qxd2 Bxc4 27. Rd7 Qf6
28. Qh6 bxa3 29. Ng5 Qg7 30. Qxg7+ Kxg7 31. Rc1 Bb3 32. Rxc5 axb2 33. Kxb2 Rfb8
34. Ka3 Ra6 35. Rcc7 Rf6 36. f3 Rbb6 37. Rc5 Rfc6 38. Rxc6 Rxc6 39. Rd2 Rc1 40.
Nh3 Ra1+ 41. Kb2 Ra2+ 42. Kc1 Rxd2 43. Kxd2 Bc4 44. f4 exf4 45. gxf4 Bf1 46.
Nf2 Bxg2 47. Kc3 h4 48. e5 f6 49. Ng4 fxe5 50. fxe5 Kf7 51. Kb4 Ke6 52. Kxa4
Bf3 53. Nh2 Be2 54. Kb3 Kxe5 55. Kc3 Kf4 56. Kd2 Kg3 57. Kxe2 Kxh2 58. Kf2 g5
59. Kf3 h3 0-1

[Event "4NCL Division 4 South"]
[Site "Daventry, ENG"]
[Date "2019.05.04"]
[Round "9.111"]
[White "Finn, Daniel"]
[Black "Coburn, Joseph A"]
[Result "0-1"]
[WhiteElo "1810"]
[BlackElo "1776"]
[PlyCount "108"]
[EventDate "2019.05.04"]
[WhiteTeam "Sussex Martlets 3"]
[BlackTeam "Wessex C"]

1. d4 d6 2. Nf3 Nf6 3. c4 g6 4. Nc3 Bg7 5. e4 O-O 6. Be2 c6 7. O-O Qc7 8. Bf4
Nh5 9. Be3 e5 10. d5 f5 11. exf5 Bxf5 12. Rc1 Nf4 13. Bxf4 exf4 14. Re1 Nd7 15.
Nd4 Rae8 16. Qd2 Be5 17. Nxf5 gxf5 18. Bf3 c5 19. Ne2 Qd8 20. Bh5 Qg5 21. Bxe8
Rxe8 22. g3 Nf6 23. Nxf4 Ne4 24. Rxe4 fxe4 25. Rd1 Bxf4 26. Qxf4 Qxf4 27. gxf4
Rf8 28. b3 Rxf4 29. Re1 Kf7 30. Re3 Kf6 31. h3 Ke5 32. Kg2 Kd4 33. a4 a6 34.
Kg3 Rf7 35. Kg2 b5 36. cxb5 axb5 37. axb5 Kxd5 38. f3 exf3+ 39. Rxf3 Rb7 40.
Kf2 Rxb5 41. Ke2 Rb4 42. Kd2 Rh4 43. Kc3 Kc6 44. Rg3 Kb5 45. Rd3 d5 46. Rg3 d4+
47. Kd3 Kb4 48. Kd2 Re4 49. Rf3 Re3 50. Rxe3 dxe3+ 51. Kxe3 Kxb3 52. Kd2 c4 53.
Kc1 c3 54. h4 h5 0-1

[Event "4NCL Division 4 South"]
[Site "Daventry, ENG"]
[Date "2019.05.04"]
[Round "9.112"]
[White "Chilton, James I"]
[Black "Howell, Susan C"]
[Result "1/2-1/2"]
[WhiteElo "1747"]
[BlackElo "1817"]
[PlyCount "46"]
[EventDate "2019.05.04"]
[WhiteTeam "Wessex C"]
[BlackTeam "Sussex Martlets 3"]

1. d4 e6 2. Bf4 d5 3. c4 c5 4. e3 Nf6 5. Nc3 a6 6. Nf3 Nc6 7. a4 h6 8. Rc1 cxd4
9. Nxd4 Nxd4 10. Qxd4 dxc4 11. Qxd8+ Kxd8 12. Bxc4 Bb4 13. O-O Bd7 14. Rfd1 Rc8
15. Ne2 Ke7 16. Bb3 Rxc1 $11 17. Nxc1 Rc8 18. Nd3 Ba5 19. Ne5 Bc7 20. Nxd7 Nxd7
21. Rc1 Kd8 22. Bxc7+ Rxc7 23. Rxc7 Kxc7 1/2-1/2

[Event "4NCL Division 4 South"]
[Site "Daventry, ENG"]
[Date "2019.05.04"]
[Round "9.113"]
[White "Bott, Simeon"]
[Black "Deacon, David J"]
[Result "1-0"]
[WhiteElo "1757"]
[BlackElo "1635"]
[PlyCount "157"]
[EventDate "2019.05.04"]
[WhiteTeam "Sussex Martlets 3"]
[BlackTeam "Wessex C"]

1. e4 c5 2. Nf3 e6 3. d4 cxd4 4. Nxd4 Nf6 5. Nc3 d6 6. Be2 a6 7. Be3 Be7 8. O-O
O-O 9. f4 Nc6 10. Nxc6 bxc6 11. e5 Nd5 12. Qd2 Nxe3 13. Qxe3 d5 14. Na4 c5 15.
c4 d4 16. Qh3 f5 17. b3 g6 18. g4 Bb7 19. Bf3 Ra7 20. Bxb7 Rxb7 21. Qg2 Qd7 22.
Nb2 Rf7 23. Nd3 Rg7 24. Kf2 a5 25. Rg1 Rb8 26. Ke2 Qb7 27. Qxb7 Rxb7 28. gxf5
gxf5 29. Rxg7+ Kxg7 30. Rg1+ Kf7 31. Rg3 Rb8 32. Kd2 Bf8 33. Kc2 Be7 34. Kb2 a4
35. Nc1 Bh4 36. Rh3 Be1 37. Rxh7+ Kg6 38. Re7 Rb6 39. Rc7 Bd2 40. Nd3 Bc3+ 41.
Kc2 axb3+ 42. axb3 Ra6 43. Nc1 Bb4 44. Kb1 Kh5 45. Rg7 Kh6 46. Rg8 Kh7 47. Rg2
Bc3 48. Kc2 Ra1 49. Rg3 Kh6 50. Nd3 Ra2+ 51. Kd1 Rd2+ 52. Kc1 Rxh2 53. Nxc5
Bd2+ 54. Kd1 Bxf4 55. Rf3 Bxe5 56. Nxe6 Kg6 57. Rd3 Rh4 58. b4 Kf6 59. Nd8 Ke7
60. Nc6+ Kd6 61. b5 Re4 62. Nxe5 Kxe5 63. c5 Kd5 64. c6 Kc5 65. Rb3 Kb6 66. Rb4
Re8 67. Kd2 Kc5 68. Rb1 Kb6 69. Kd3 Re4 70. Rb4 Rh4 71. Rxd4 Rh3+ 72. Kc4 Rh1
73. Kd5 Rh6 74. Rb4 f4 75. Rxf4 Kxb5 76. c7 Rh5+ 77. Kd6 Rh6+ 78. Kd7 Rh7+ 79.
Kc8 1-0

[Event "4NCL Division 4 South"]
[Site "Daventry, ENG"]
[Date "2019.05.04"]
[Round "9.114"]
[White "Smith, Steven J"]
[Black "Hedger, Alec"]
[Result "1/2-1/2"]
[WhiteElo "1634"]
[BlackElo "1727"]
[PlyCount "91"]
[EventDate "2019.05.04"]
[WhiteTeam "Wessex C"]
[BlackTeam "Sussex Martlets 3"]

1. d4 d5 2. Bg5 c6 3. e3 h6 4. Bh4 Qb6 5. b3 e5 6. c3 e4 7. f3 Bd6 8. fxe4 dxe4
9. Ne2 Bg4 10. h3 Bxe2 11. Qxe2 g5 12. Bf2 Qc7 13. Nd2 f5 14. Qh5+ Qf7 15.
Qxf7+ Kxf7 16. g4 Nf6 17. gxf5 Nbd7 18. O-O-O Nb6 19. c4 c5 20. dxc5 Bxc5 21.
Be2 a5 22. Kb2 Bd6 23. Nb1 Be5+ 24. Kc2 Rhc8 25. Nc3 a4 26. Be1 axb3+ 27. axb3
Bxc3 28. Bxc3 Ra2+ 29. Bb2 Nbd5 30. Kb1 Rxb2+ 31. Kxb2 Nxe3 32. Ra1 Nxf5 33.
Bg4 Nxg4 34. hxg4 Nh4 35. Rae1 Re8 36. Rhf1+ Kg6 37. Rf2 h5 38. gxh5+ Kxh5 39.
Rfe2 g4 40. Rxe4 Rxe4 41. Rxe4 g3 42. Re3 Kg4 43. Rxg3+ Kxg3 44. Kc3 Nf5 45.
Kb4 Nd6 46. Kc5 1/2-1/2

[Event "4NCL Division 4 South"]
[Site "Daventry, ENG"]
[Date "2019.05.04"]
[Round "9.115"]
[White "Woods, Timothy J"]
[Black "Deacon, Matthew"]
[Result "1-0"]
[WhiteElo "1682"]
[BlackElo "1495"]
[PlyCount "95"]
[EventDate "2019.05.04"]
[WhiteTeam "Sussex Martlets 3"]
[BlackTeam "Wessex C"]

1. e4 c5 2. Nf3 g6 3. d4 cxd4 4. Nxd4 Nc6 5. c4 Bg7 6. Be3 Nf6 7. Nc3 O-O 8. f3
d6 9. Be2 Bd7 10. O-O a6 11. Qd2 Rc8 12. Rac1 Re8 13. Rfd1 Nxd4 14. Bxd4 Qa5
15. a3 Be6 16. Bxf6 Bxf6 17. Nd5 Qc5+ 18. Kh1 Bg7 19. b4 Qa7 20. a4 Bd7 21. a5
Be6 22. f4 Bxd5 23. exd5 Bh6 24. Rf1 e6 25. dxe6 Rxe6 26. Rcd1 Rce8 27. Bf3 Qb8
28. Bd5 Re2 29. Qd4 Bg7 30. Qb6 R8e7 31. b5 Rb2 32. f5 Qc7 33. fxg6 Qxb6 34.
gxh7+ Kf8 35. axb6 axb5 36. Ra1 Bh8 37. Ra8+ Kg7 38. Rc8 bxc4 39. Rc7 Rbe2 40.
Rxf7+ Rxf7 41. Rxf7+ Kg6 42. g3 c3 43. Rc7 c2 44. Rxc2 Rxc2 45. Be4+ Kf7 46.
Bxc2 Ke7 47. Be4 Kd7 48. Bxb7 1-0

[Event "4NCL Division 4 South"]
[Site "Daventry, ENG"]
[Date "2019.05.04"]
[Round "9.116"]
[White "Deacon, Nicholas"]
[Black "Finn, Elizabeth"]
[Result "0-1"]
[WhiteElo "1067"]
[BlackElo "1600"]
[PlyCount "78"]
[EventDate "2019.05.04"]
[WhiteTeam "Wessex C"]
[BlackTeam "Sussex Martlets 3"]

1. d4 d5 2. c4 e6 3. Nc3 Nf6 4. Nf3 Nbd7 5. Bg5 Be7 6. e3 O-O 7. cxd5 exd5 8.
Bd3 b6 9. Qc2 Bb7 10. O-O Rc8 11. Rac1 c5 12. dxc5 Rxc5 13. Qb1 Re8 14. Ne2 h6
15. Rxc5 Nxc5 16. Bb5 Rf8 17. Bf4 a6 18. Bd3 Re8 19. Ned4 Bd6 20. Bxd6 Qxd6 21.
Nf5 Qd7 22. N3d4 Nfe4 23. f3 Nd2 24. Qd1 Nxf1 25. Kxf1 Ne6 26. Bb1 Qc7 27. Nxe6
Rxe6 28. Bd3 Qxh2 29. Nd4 Qh1+ 30. Ke2 Rxe3+ 31. Kd2 Rxd3+ 32. Ke2 Qxd1+ 33.
Kf2 Qd2+ 34. Kf1 Re3 35. Kg1 Re1+ 36. Kh2 Qf4+ 37. g3 Qd2+ 38. Kh3 Rh1+ 39. Kg4
Qg5# 0-1

[Event "4NCL Division 4 South"]
[Site "Daventry, ENG"]
[Date "2019.05.04"]
[Round "9.121"]
[White "Szymanski, Mark"]
[Black "Neatherway, A Philip"]
[Result "0-1"]
[WhiteElo "1823"]
[BlackElo "1793"]
[PlyCount "46"]
[EventDate "2019.05.04"]
[WhiteTeam "Iceni 3"]
[BlackTeam "Oxford 4"]

1. c4 e5 2. g3 Nf6 3. Bg2 d5 4. cxd5 Nxd5 5. Nf3 Nc6 6. O-O Be7 7. d4 exd4 8.
Nxd4 O-O 9. Nxc6 bxc6 10. a3 Be6 11. Qc2 Rb8 12. e4 Nb6 13. Nd2 Qd4 14. Nf3 Qc4
15. Qxc4 Nxc4 16. Nd4 Bd7 17. b4 a5 18. bxa5 Bf6 19. Rd1 c5 20. Nc2 Bxa1 21.
Nxa1 Ba4 22. Re1 Rb1 23. Bf1 Nxa5 0-1

[Event "4NCL Division 4 South"]
[Site "Daventry, ENG"]
[Date "2019.05.04"]
[Round "9.122"]
[White "Cole, Graham"]
[Black "Donaghay, Richard H"]
[Result "1-0"]
[WhiteElo "1794"]
[BlackElo "1803"]
[PlyCount "33"]
[EventDate "2019.05.04"]
[WhiteTeam "Oxford 4"]
[BlackTeam "Iceni 3"]

1. e4 d5 2. exd5 Nf6 3. d4 Nxd5 4. c4 Nb6 5. Nf3 Bf5 6. Nc3 e6 7. Be3 Be7 8.
Bd3 Bxd3 9. Qxd3 N8d7 10. O-O O-O 11. Rad1 c5 12. d5 exd5 13. Nxd5 Nxd5 14.
Qxd5 Nf6 15. Qxb7 Qe8 16. Rfe1 Qb8 17. Qxe7 1-0

[Event "4NCL Division 4 South"]
[Site "Daventry, ENG"]
[Date "2019.05.04"]
[Round "9.123"]
[White "Lovell, Steve"]
[Black "Bush, Ian"]
[Result "0-1"]
[WhiteElo "1795"]
[BlackElo "1780"]
[PlyCount "54"]
[EventDate "2019.05.04"]
[WhiteTeam "Iceni 3"]
[BlackTeam "Oxford 4"]

1. e4 d6 2. d4 Nf6 3. Nc3 g6 4. Nf3 Bg7 5. Be3 a6 6. Qd2 b5 7. Bd3 Bb7 8. b4
Nbd7 9. Bh6 O-O 10. h4 c5 11. Bxg7 Kxg7 12. dxc5 dxc5 13. e5 Nxe5 14. Nxe5 Qd4
15. Nf3 Bxf3 16. gxf3 cxb4 17. Be4 Qxd2+ 18. Kxd2 bxc3+ 19. Kxc3 Nxe4+ 20. fxe4
Rac8+ 21. Kb3 Rc4 22. Rae1 Rfc8 23. Re2 a5 24. Rh3 Rb4+ 25. Ka3 Rcc4 26. Rhe3
Rb1 27. Rb3 Ra4# 0-1

[Event "4NCL Division 4 South"]
[Site "Daventry, ENG"]
[Date "2019.05.04"]
[Round "9.124"]
[White "Gentry, Alan E"]
[Black "Carter, Dominic A"]
[Result "0-1"]
[WhiteElo "1739"]
[BlackElo "1617"]
[PlyCount "62"]
[EventDate "2019.05.04"]
[WhiteTeam "Oxford 4"]
[BlackTeam "Iceni 3"]

1. d4 Nf6 2. Bg5 c5 3. Bxf6 gxf6 4. d5 Qb6 5. Qc1 d6 6. Nc3 Bf5 7. e3 Nd7 8.
Nf3 h5 9. Nh4 Bh7 10. Be2 Qb4 11. g3 a6 12. a3 Qa5 13. O-O Bh6 14. Qd2 Bg5 15.
Ng2 Bg6 16. f4 Bh6 17. f5 Bh7 18. Bxh5 Ne5 19. Be2 b5 20. b4 cxb4 21. axb4 Qd8
22. Ra2 O-O 23. Rfa1 Qb6 24. Qd4 Qb7 25. e4 Rfc8 26. Nd1 Rc4 27. Bxc4 Nf3+ 28.
Kh1 Nxd4 29. Bd3 Nf3 30. Ra5 Qb6 31. Nc3 Bd2 0-1